00397nam a2200157Ia 4500008004100000020001400041245003500055245005200090260001500142260001600157260000900173300001400182300002500196300001000221500000800231170705s9999 xx 000 0 und d a439168279 2aA picture book of Rosa Parks / cDavid A. Adler ; illustrated by Robert Casilla. aNew York : bScholastic, c1993 aunpaged : bcolor illustration ; c20cm. a880